000 00236nam a2200097Ia 4500
001 783090
005 20250826170216.0
008 250824s9999 xx 000 0 und d
245 0 _aDEDEMİN BAKKALI
_cŞERMİN YAŞAR
260 _bTAZE KİTAP
999 _c783090
_d783090